01171nam a2200193Ia 4500001001100000003001000011008004100021040002500062041001300087100002700100245005600127250001100183260009000194300002800284500026000312501011400572520026000686650003100946L922-42623IT-CnALBA170116s9999||||xx |||||||||||||| ||und|| aIT-CnALBAcIT-CnALBA aITALIANO aGHISALBERTI M. ALBERTO 0aDIZIONARIO BIOGRAFICO ITALIANI. 19. CAPPI-CARDONA.  a1a ed. aROMAbTRECCANI IST. ENCICLOPEDIA ITAL.c1976 [1° Ed.:1976 - Ed.Ling.Originale: 1976] a793 p. (prefazione: 15) aVOCI COMPRESE TRA CAPPI E CARDONA. MEDIOEVO, BALLISTREI G. ETA' MODERNA, MUTINI C. RISORGIMENTO ETA' CONTEMPORANEA, BARSALI M. ARTI FIGURATIVE, OSTI FRANCISCI O. MUSICA, MELONCELLI R. SCIENZE CRESPI M. COLLABORATORI, CAPASSO R. AGOSTINI F. E TANTI ALTRI.  aSocietà San Paolo EM - Piazza San Paolo, 14 - 12051 ALBA (CN) (non commercial uses only) ® Copyright 2017 aVOCI COMPRESE TRA CAPPI E CARDONA. MEDIOEVO, BALLISTREI G. ETA' MODERNA, MUTINI C. RISORGIMENTO ETA' CONTEMPORANEA, BARSALI M. ARTI FIGURATIVE, OSTI FRANCISCI O. MUSICA, MELONCELLI R. SCIENZE CRESPI M. COLLABORATORI, CAPASSO R. AGOSTINI F. E TANTI ALTRI.  aBIOGRAFIE, UOMINI ILLUSTRI